all skeletal muscles of the human body - Statistics

General Stats
  • This quiz has been taken 89 times
  • The average score is 38 of 221
Answer Stats
Answer % Correct
Upper limb, Shoulder deltoid
66%
head, eye rectus
66%
Upper limb, Vertebral column trapezius
66%
Torso/Upper Limb, Back latissimus dorsi
58%
Lower limb, gluteal gluteus maximus
55%
Lower limb, gluteal gluteus medius
55%
Lower Limb, Leg soleus
53%
Upper Limb, Arm biceps brachii
50%
Lower limb, Thigh biceps femoris
47%
Lower Limb, Leg gastrocnemius
47%
Lower limb, gluteal gluteus minimus
47%
head, eye oblique
47%
Upper limb,Thoracic walls pectoralis major
47%
Upper Limb, Arm brachialis
45%
Upper limb, Forearm brachioradialis
45%
Upper limb, Forearm extensor digitorum
45%
head, ear tensor
45%
Upper limb, Shoulder teres major
45%
Upper limb, Shoulder teres minor
45%
Lower limb, Thigh vastus lateralis
45%
Lower limb, Thigh vastus medialis
45%
head, coronal plane masseter
42%
Upper limb,Thoracic walls pectoralis minor
42%
Neck, Clavicular sternocleidomastoid
42%
Lower Limb, Leg tibialis anterior
42%
head, forehead frontalis
39%
Upper limb, Shoulder infraspinatus
39%
Lower limb, Thigh rectus femoris
39%
Lower limb, Thigh sartorius
39%
Lower limb, Thigh adductor longus
37%
Lower limb, Thigh gracilis
37%
head, skull occipitalis
37%
head, forehead orbicularis oculi
37%
head, mouth orbicularis oris
37%
Torso, Abdomen rectus abdominis
37%
Lower limb, Thigh adductor magnus
34%
Upper limb, Vertebral column rhomboid major
34%
Upper limb, Vertebral column rhomboid minor
34%
Lower limb, Thigh semimembranosus
34%
Lower limb, Thigh semitendinosus
34%
Upper limb,Thoracic walls serratus anterior
34%
head, coronal plane temporalis
34%
Neck/Upper Limb, Verterbral Column levator scapulae
32%
Lower Limb, Iliac psoas major
32%
Upper limb, Shoulder supraspinatus
32%
Lower Limb, Leg tibialis posterior
32%
Lower limb, Thigh adductor brevis
29%
Upper Limb, Arm anconeus
29%
Upper limb, Forearm flexor carpi ulnaris
29%
Lower Limb, Leg flexor digitorum longus
29%
Lower Limb, Leg plantaris
29%
Lower limb, Thigh vastus intermedius
29%
Upper limb, Forearm flexor carpi radialis
26%
head, nose nasalis
26%
Neck, Clavicular platysma
26%
Upper limb, Shoulder subscapularis
26%
Upper limb, Forearm extensor carpi ulnaris
24%
Lower Limb, Iliac iliacus
24%
Upper limb, Forearm palmaris longus
24%
Upper limb, Forearm pronator teres
24%
Torso, Abdomen quadratus lumborum
24%
Torso, Back spinalis
24%
head, mouth zygomaticus major
24%
head, mouth zygomaticus minor
24%
Upper Limb, Arm coracobrachialis
21%
Upper limb, Forearm extensor digiti minimi
21%
Torso, Chest external intercostal
21%
Lower Limb, Leg fibularis longus
21%
Lower Limb, Leg flexor hallucis longus
21%
Torso, Back iliocostalis
21%
Torso, Chest internal intercostal
21%
Lower limb, Thigh pectineus
21%
Lower limb, gluteal piriformis
21%
Lower Limb, Leg popliteus
21%
Lower Limb, Iliac psoas minor
21%
head, mouth depressor anguli oris
18%
Lower Limb, Leg extensor digitorum longus
18%
head, mouth mentalis
18%
Upper limb, Forearm supinator
18%
Lower limb, gluteal tensor fasciae latae
18%
Torso, Abdomen transversus abdominis
18%
Upper limb, Forearm abductor pollicis longus
16%
head, mouth bucinator
16%
Upper limb, Forearm extensor carpi radialis longus
16%
Upper limb, Forearm extensor pollicis brevis
16%
Upper limb, Forearm extensor pollicis longus
16%
Lower Limb, Leg fibularis brevis
16%
Lower limb, plantar flexor digitorum brevis
16%
head, tongue genioglossus
16%
Torso, Back longissimus
16%
Torso, Back multifidus
16%
Lower limb, gluteal obturator internus
16%
head, mouth risorius
16%
Torso, Chest serratus posterior inferior
16%
Upper limb, Hand abductor pollicis brevis
13%
Upper limb, Hand adductor pollicis
13%
Neck, Suprahyoid digastric
13%
Lower Limb, Leg extensor hallucis longus
13%
Lower Limb, Leg fibularis tertius
13%
Upper limb, Hand flexor digiti minimi
13%
Upper limb, Forearm flexor digitorum profundus
13%
Upper limb, Forearm flexor digitorum superficialis
13%
Upper limb, Hand flexor pollicis brevis
13%
Upper limb, Forearm flexor pollicis longus
13%
head, tongue hyoglossus
13%
head, mouth levator anguli oris
13%
head, eyelid levator palpebrae superioris
13%
Lower limb, gluteal obturator externus
13%
Neck, Infrahyoid omohyoid
13%
head, tongue palatoglossus
13%
head, nose procerus
13%
Lower limb, gluteal quadratus femoris
13%
Torso/Neck, Back semispinalis capitis
13%
Torso/Neck, Back splenius capitis
13%
Neck, Infrahyoid sternohyoid
13%
Neck, Infrahyoid sternothyroid
13%
head, ear temporoparietalis
13%
head, mouth depressor labii inferioris
11%
Upper limb, Forearm extensor carpi radialis brevis
11%
Lower limb, Foot extensor hallucis brevis
11%
Upper limb, Forearm extensor indicis
11%
Lower limb, plantar flexor hallucis brevis
11%
Neck, Suprahyoid geniohyoid
11%
head, mouth levator labii superioris
11%
Neck, Suprahyoid mylohyoid
11%
head, tongue styloglossus
11%
Lower limb, gluteal superior gemellus
11%
Lower limb, plantar | Upper limb, Hand abductor digiti minimi
8%
Lower limb, plantar abductor hallucis
8%
Lower limb, plantar adductor hallucis
8%
Torso, Pelvis coccygeus
8%
Lower limb, Foot | Upper limb, Hand dorsal interossei
8%
Lower limb, Foot extensor digitorum brevis
8%
Torso, Perineum external anal sphincter
8%
Lower limb, gluteal inferior gemellus
8%
head, nose levator nasolabialis
8%
Neck, Anterior longus colli
8%
Neck, Posterior/Lateral obliquus capitis
8%
Upper limb, Hand opponens pollicis
8%
Upper limb, Forearm pronator quadratus
8%
head, coronal plane pterygoid, lateral
8%
Neck, Suprahyoid stylohyoid
8%
Upper limb,Thoracic walls subclavius
8%
head, soft palate tensor veli palatini
8%
Neck, Infrahyoid thyrohyoid
8%
head ear antitragicus
5%
Torso, Perineum bulbospongiosus
5%
head, tongue chondroglossus
5%
head, eye corrugator supercilii
5%
head, larynx cricothyroid
5%
head, nose depressor septi nasi
5%
Torso, Pelvis iliococcygeus
5%
Torso, Chest innermost intercostal
5%
Torso, Back interspinales
5%
Torso, Perineum ischiocavernosus
5%
Upper limb, Hand opponens digiti minimi
5%
Upper limb, Hand palmar interossei
5%
Upper limb, Hand palmaris brevis
5%
head, pharynx pharyngeal constrictor
5%
head, coronal plane pterygoid, medial
5%
Neck, Posterior rectus capitis
5%
Torso, Back rotatores
5%
Torso, Back semispinalis thoracis
5%
head, ear tragicus
5%
head, tongue verticalis linguae
5%
Torso, Abdomen abdominal oblique
3%
head, ear auricle
3%
head, ear auricularis
3%
Torso, Abdomen cremaster
3%
head, larynx cricoarytenoid
3%
Torso, Perineum Deep transverse perineal
3%
head, eye depressor supercilii
3%
Lower limb, plantar flexor digiti minimi brevis
3%
head, ear helicis
3%
Torso, Back intertransversarii
3%
Torso, Chest levatores costarum
3%
head, soft palate levator veli palatini
3%
Neck, Anterior longus capitis
3%
Upper limb, Hand lumbricals of the hand
3%
head, soft palate palatopharyngeus
3%
Lower limb, plantar plantar interossei
3%
Torso, Pelvis pubococcygeus
3%
Torso, Abdomen pyramidalis
3%
head, pharynx salpingopharyngeus
3%
Neck, Anterior scalenus anterior
3%
Neck, Lateral scalenus posterior
3%
head, ear stapedius
3%
Upper limb,Thoracic walls sternalis
3%
Torso, Perineum superficial transverse perineal
3%
head, eyelid superior tarsal
3%
head, tongue transversus linguae
3%
Torso, Chest transversus thoracis
3%
head, soft palate uvulae
3%
Lower limb, Thigh adductor minimus
0%
Upper Limb, Arm articularis cubiti
0%
Lower limb, Thigh articularis genus
0%
head, larynx arytenoid
0%
head, larynx ceratocricoideus
0%
Torso, Perineum compressor urethrae
0%
Torso, Perineum external urethral sphincter
0%
Torso, Chest hemidiaphragm
0%
head, tongue inferior longitudinal lingual
0%
Neck, Infrahyoid levator glandulae thyroideae
0%
Lower limb, plantar lumbricals of the foot
0%
Upper limb, Hand palmar interosseus
0%
Torso, Pelvis puboanalis
0%
Torso, Pelvis puboperinealis
0%
Lower limb, plantar quadratus plantae
0%
Neck, Lateral scalenus medius
0%
Neck, Lateral scalenus minimus
0%
Torso, Perineum sphincter urethrovaginalis
0%
Torso, Back splenius colli
0%
Torso, Chest subcostales
0%
head, tongue superior longitudinal lingual
0%
head, larynx thyroarytenoid
0%
head, mouth transversus menti
0%
head, larynx vocalis
0%
No matching quizzes found
Score Distribution
Percent of People with Each Score
Percentile by Number Answered
Your Score History
You have not taken this quiz